000 nam a22 7a 4500
999 _c10109
_d10109
008 180212b ||||| |||| 00| 0 eng d
100 _aPaul, G
_96128
245 _aQuest for thr best -I
260 _aNew Delhi
_bG Ram Publication